000 00428nam a2200181Ia 4500
003 0100
008 130303s9999 xx 000 0 und d
040 _cARRUPELIB
050 _aBP192.4.V381991
100 _aVaziri, Mostafa
245 4 _aThe emergence of Islam
245 _bprophecy, imamate, and Messianism in perspective
260 _aNY
260 _bParagon House
260 _C1992
300 _a212p
942 0 0 _05
999 _c19484
_d19484